| 000 | 00859nam a2200301 a 4500 | ||
|---|---|---|---|
| 999 |
_c2963 _d2963 |
||
| 006 | a||||gr|||| 001 0 | ||
| 007 | ta | ||
| 008 | 050831s2003 xxka gr 001 0 eng d | ||
| 020 |
_a0954201280 _c£ 30.00 |
||
| 040 |
_aKO _beng |
||
| 041 | 0 | _aeng | |
| 044 | _axxk | ||
| 082 | 0 | 0 |
_a343.09620263 _bK54 _223 |
| 100 | 1 | _aKidman, Peter | |
| 245 | 1 | 0 |
_aPort State Control: _ba guide cargo ships / _cPeter Kidman and North of England P&I Association |
| 250 | _a2nd ed. | ||
| 260 |
_aThe Quayside : _bNorth of England P&I Association Ltd., _c2003 |
||
| 300 |
_a46 p. : _bcol. ill. ; _c21 cm. |
||
| 440 | _aLoss Prevention Guides | ||
| 504 | _aIncludes index. | ||
| 650 | 0 |
_aShips _xSafety regulations |
|
| 650 | 0 |
_aShips _xInspection |
|
| 710 | 2 | _aNorth of England P&I Association | |
| 904 | _aRUDRA_R | ||
| 905 | _aR_RANJAN | ||
| 942 | _cGR | ||